Normal view
MARC view
Entry Meeting Name
001 - CONTROL NUMBER
- control field: 32182
003 - CONTROL NUMBER IDENTIFIER
- control field: OSt
005 - DATE AND TIME OF LATEST TRANSACTION
- control field: 20211105135508.0
008 - FIXED-LENGTH DATA ELEMENTS
- fixed length control field: 211105|| aca||aabn | a|a d
040 ## - CATALOGING SOURCE
- Original cataloging agency: OSt
- Transcribing agency: OSt
111 ## - HEADING--MEETING NAME
- Meeting name or jurisdiction name as entry element: European Southern Observatory Workshop on the Power of Optical/ IR interferometry, Recent Scientific Results and 2nd Generation instrumentation
- Location of meeting: Garching
- Date of meeting or treaty signing: 2005 Apr. 4-8
670 ## - SOURCE DATA FOUND
- Source citation: Work cat.: (OSt): European Southern Observatory Workshop on the Power of Optical/ IR interferometry, Recent Scientific Results and 2nd Generation instrumentation Garching 2005 Apr. 4-8, The power of optical/ IR interferometry, 2008